书目信息 |
| 题名: |
室内植物装饰设计
|
|
| 作者: | 谢云 , 孙景荣 主编 | |
| 分册: | ||
| 出版信息: | 北京 中国建材工业出版社 2010.01 |
|
| 页数: | 273页 | |
| 开本: | 26cm | |
| 丛书名: | ||
| 单 册: | ||
| 中图分类: | J525.1 | |
| 科图分类: | ||
| 主题词: | 园林植物--yuan lin zhi wu--室内装饰--设计--高等学校--教材 | |
| 电子资源: | ||
| ISBN: | 978-7-80227-529-4 | |
| 000 | 00864nam0 2002419 450 | |
| 001 | 012010044049 | |
| 005 | 20180427093433.01 | |
| 010 | @a978-7-80227-529-4@dCNY35.00 | |
| 100 | @a20100604d2010 em y0chiy0120 ea | |
| 101 | 0 | @achi |
| 102 | @aCN@b110000 | |
| 105 | @aa a 000yy | |
| 200 | 1 | @a室内植物装饰设计@Ashi nei zhi wu zhuang shi she ji@f谢云, 孙景荣主编@Fzhu bian xie yun,sun jing rong |
| 210 | @a北京@c中国建材工业出版社@d2010.01 | |
| 215 | @a273页@c图@d26cm | |
| 320 | @a有书目 (第273页) | |
| 330 | @a本书主要内容包括室内植物装饰概述、室内植物的选择与配置、室内植物装饰类型、室内植物的栽培容器和基质等。 | |
| 606 | 0 | @a园林植物@Ayuan lin zhi wu@x室内装饰@x设计@x高等学校@j教材 |
| 690 | @aJ525.1@v4 | |
| 701 | 0 | @a谢云@Axie yun@4主编 |
| 701 | 0 | @a孙景荣@Asun jing rong@4主编 |
| 801 | 0 | @aCN@bQSSK@c20100604 |
| 905 | @b781319-21@dJ525.1@eX485@f3 | |
| 室内植物装饰设计/谢云, 孙景荣主编.-北京:中国建材工业出版社,2010.01 |
| 273页:图;26cm |
| ISBN 978-7-80227-529-4:CNY35.00 |
| 本书主要内容包括室内植物装饰概述、室内植物的选择与配置、室内植物装饰类型、室内植物的栽培容器和基质等。 |
| ● |
| 相关链接 |
|
|
|
正题名:室内植物装饰设计
索取号:J525.1/X485
 
预约/预借
| 序号 | 登录号 | 条形码 | 馆藏地/架位号 | 状态 | 备注 |
| 1 | 1299431 | 212994312 | 建筑与城市规划学院资料室/ [索取号:J525.1/X485] | 在馆 | |
| 2 | 781319 | 207813197 | 期刊室512/309社科库 91排2列2层/ [索取号:J525.1/X485] | 在馆 | |
| 3 | 781320 | 207813204 | 社科库309/309社科库 88排3列3层/ [索取号:J525.1/X485] | 在馆 | |
| 4 | 781321 | 207813213 | 社科库309/309社科库 88排3列3层/ [索取号:J525.1/X485] | 在馆 |